| 000 | 00307nam a2200109Ia 4500 | ||
|---|---|---|---|
| 008 | 230907s9999||||xx |||||||||||||| ||und|| | ||
| 082 |
_a658.4056 _bINT |
||
| 245 | 0 | _aInternational terrorism and threats to security : | |
| 260 |
_aEdward Elgar, _bCheltenham : _c2008 |
||
| 300 | _axxxii, 302 p. ; | ||
| 942 | _cBK | ||
| 999 |
_c600152 _d600152 |
||